000 00542nam a22002177a 4500
003 UA-OsUOA
001 122768
007 ta
008 20170522b un ||||| |||| 00| 0 ukr d
100 _aСобко І.
090 _a908
_bС54
942 _cSA
040 _aUA-OsUOA
_bukr
_cUA-OsUOA
_dUA-OsUOA
245 _aНезабаром в Острозькій академії історія оживе
300 _aС.5
955 _a0
041 _aukr
080 _a908
773 0 _w122766
650 7 _a908 Краєзнавство
_2UDC
999 _c409420
_d409420